| 000 | 006240000a22001810004500 | ||
|---|---|---|---|
| 003 | MACL | ||
| 005 | 20160506150823.0 | ||
| 008 | 160506b xxu||||| |||| 00| 0 eng d | ||
| 040 |
_aMACL _cMACL |
||
| 041 | _aHindi | ||
| 082 | _a800 PAR | ||
| 100 |
_aपारख, जवरीमल्ल _952707 |
||
| 245 |
_aसंस्कृति और समीक्षा के सवाल _cजवरीमल्ल पारख |
||
| 260 |
_bराधा पब्लिकेशन्स _c1995 _aनई दिल्ली |
||
| 350 | _a200 | ||
| 650 |
_aCriticism _927705 |
||
| 942 |
_cHIN _k800/PAR/L _2ddc |
||
| 999 |
_c20002 _d20002 |
||